Washington D.C. Landmarks - Sudden Death - Statistics

General Stats
  • This quiz has been taken 105 times
    78 since last reset
  • The average score is 16 of 20
Answers on the Grid
Answers color-coded by a green-red scale on the quiz's grid according to % correct below.
Alcatraz
Disneyland
Fisherman’s Wharf
Ford’s Theater
Fort Knox
Franklin Delano Roosevelt Memorial
French Quarter
Gateway Arch
Graceland
Hollywood Sign
John F. Kennedy Center for the Performing Arts
Key West
Korean War Veterans Memorial
Liberty Bell
Library of Congress
Lincoln Memorial
Martin Luther King Jr. Memorial
Mount Rushmore
National Archives Museum
National Mall
Notre Dame Cathedral
Old Faithful
Pike Place Market
Smithsonian National Museums
Statue of Liberty
Stone Mountain
Stonehenge
Supreme Court of the United States
The Alamo
The Ellipse
The White House
Thomas Jefferson Memorial
United States Capitol
United States National Holocaust Memorial Museum
Vietnam Veterans Memorial
Waikiki Beach
Wall Street
Washington Monument
Watergate Hotel
World War II Memorial
 
Answer Stats
Answer % Correct
The White House
92%
Ford’s Theater
90%
Library of Congress
88%
Lincoln Memorial
88%
United States Capitol
86%
Washington Monument
86%
Franklin Delano Roosevelt Memorial
84%
John F. Kennedy Center for the Performing Arts
82%
Supreme Court of the United States
82%
Thomas Jefferson Memorial
82%
Martin Luther King Jr. Memorial
80%
National Archives Museum
80%
Korean War Veterans Memorial
78%
National Mall
78%
Smithsonian National Museums
78%
United States National Holocaust Memorial Museum
78%
Vietnam Veterans Memorial
78%
World War II Memorial
78%
Watergate Hotel
73%
The Ellipse
49%
No matching quizzes found
Score Distribution
Percent of People with Each Score
Percentile by Number Answered
Your Score History
You have not taken this quiz since the last reset